000 00280nam a2200097Ia 4500
005 20250424112843.0
008 250424s9999 xx 000 0 und d
300 _av., 298 p. ; 25 cm.
650 _aEconomic development--Periodicals. Public administration--Periodicals.
942 _cSR
999 _c37512
_d37512